Catálogo
 En Linea

Agricultura en el desierto : (Registro nro. 11240)

Detalles MARC
000 -CABECERA
campo de control de longitud fija 00657cam a2200169u 4500
001 - NÚMERO DE CONTROL
campo de control 000011545
005 - FECHA Y HORA DE LA ÚLTIMA TRANSACCIÓN
campo de control 20200929162503.0
008 - DATOS DE LONGITUD FIJA--INFORMACIÓN GENERAL
campo de control de longitud fija 801220s1969 ve ab 000 0 spa
040 ## - FUENTE DE LA CATALOGACIÓN
Centro catalogador/agencia de origen DO-SdBNP
Lengua de catalogación spa
Centro/agencia transcriptor BNPHU
082 ## - NÚMERO DE LA CLASIFICACIÓN DECIMAL DEWEY
Número de clasificación xxx
Número de documento/Ítem B699a
100 1# - ENTRADA PRINCIPAL--NOMBRE DE PERSONA
Nombre de persona Bonazzi, Augusto,
9 (RLIN) 27308
245 10 - MENCIÓN DE TÍTULO
Título Agricultura en el desierto :
Resto del título estudio sobre el cultivo de las regiones desérticas de la cuenca mediterránea: Israel, Grecia y Tripolitania /
Mención de responsabilidad, etc. Augusto Bonazzi y M. V. Bonazzi.
260 ## - PUBLICACIÓN, DISTRIBUCIÓN, ETC.
Lugar de publicación, distribución, etc. Venezuela :
Nombre del editor, distribuidor, etc. Universidad Central de Venezuela,
Fecha de publicación, distribución, etc. 1969.
300 ## - DESCRIPCIÓN FÍSICA
Extensión 140, [3] p. :
Otras características físicas il., mapas ;
Dimensiones 23 cm.
590 ## - NOTA LOCAL (RLIN)
Nota local Inventariado, 2019/ YL
700 1# - PUNTO DE ACCESO ADICIONAL--NOMBRE DE PERSONA
Nombre de persona Bonazzi, M. V.,
9 (RLIN) 27309
Existencias
Estado de retiro Estado de pérdida Restricciones de uso No para préstamo Código de colección Localización permanente Ubicación/localización actual Ubicación en estantería Fecha de adquisición Número de inventario Total de préstamos Signatura topográfica completa Código de barras Fecha visto por última vez Precio válido a partir de Tipo de ítem Koha Número de copia
    Préstamo interno   Monografías: Libros y Folletos General General En catalogación 20.10.2009 LF1   xxx B699a 11545-10 25.06.2020 25.06.2020 Préstamo interno  
  Extraviado Préstamo restringido Préstamo restrigido Monografías: Libros y Folletos General General Extraviado 20.10.2009 LF1   xxx B699a 11545-20 25.06.2020 25.06.2020 Préstamo interno e.2
  Extraviado Préstamo interno   Monografías: Libros y Folletos General General Extraviado 20.10.2009 LF1   xxx B699a 11545-30 25.06.2020 25.06.2020 Préstamo interno e.3

Con tecnología Koha